01090nam a2200253 a 450000100060000000300090000600800410001504000280005608200140008410000690009824500590016726000600022630000080028649000200029450501510031459000400046565000300050565000340053565000310056965000580060094200120065899900170067095201490068722462CO-ViMGA141112s2004 ck r 000 u spa d aCO-ViMGAbspacCO-ViMGA04a657 B171a1 aBaraza Caro, Frank Eduardo; Gomez Santrich, Martha Eliana93184810aAproximación a un concepto de contabilidad ambiental aBogotá : bUniversidad Coperativa de Colombia, c2005 a188 aLibros de texto aNotas acerca de la formación de conceptos 17 - - Notas sobre la contabilidad ambiental 17 - - Conceptos fundamentales en la relación 41 - 66  aForma de adquisición : Donación14aAUDITORIA AMBIENTAL9882214aCONTABILIDAD AMBIENTAL93184914aPolítica AMBIENTAL9576814aPROTECCIóN DEL MEDIO AMBIENTE - CONTABILIDAD931850 2ddccBK c30768d30768 00102ddc40708002aMEVIECARbMEVIECARd2015-12-04hVolumen. 1 | 11/jun/2009l0o657 B171a p22462r2015-12-04 00:00:00tEj. 1w2015-12-04yBK